Music Quiz

Random Music or Musical Quiz

Do-Re-Mi Quiz Stats

 Plays Quiz Updated Jan 22, 2015

Support Sporcle.
Go Orange.
Score 0/7 Timer 02:00
15 Plays Today
Hint Answer % Correct
Do...a deer, a female deer
96.4%
Mi...a name I call myself
95.5%
Re...a drop of golden sun
93.5%
Fa...a long long way to run
89%
Sol...a needle pulling thread
81.2%
Ti...a drink with jam and bread
78.6%
La...a note to follow Sol
78.2%

You're not logged in!

Compare scores with friends on all Sporcle quizzes.
OR
Log In

From the Vault

Paul Rudd Movies

by dolphin22

We prefer our Paul Rudd with a mustache.
Remove Ads.
Support Sporcle.
Get the best of Sporcle when you Go Orange. This ad-free experience offers more features, more stats, and more fun while also helping to support Sporcle. Thank you for becoming a member.

Show Comments

Extras

Top Quizzes Today


Score Distribution

Your Account Isn't Verified!

In order to create a playlist on Sporcle, you need to verify the email address you used during registration. Go to your Sporcle Settings to finish the process.

Report this User

Report this user for behavior that violates our Community Guidelines.

Details: